000 00814nam a2200229Ia 4500
999 _c36327
_d36327
001 2235
003 GE_BSU
005 20221021121839.0
008 181216s2002ru xx |||||||||||||| ||rus||
020 _a522202413х
040 _cGE_BSU
041 _arus
080 _a81'25(811.112) К-78
100 _aКравченко, А.П.
_915435
245 _aНемецкий язык практикум по переводу /
_cА.П. Кравченко.
264 _aРостов-На Дону :
_bФеникс,
_c2002.
300 _a320 с.:
_b 19 см.
440 _a(Серия ,,Учебное пособия)
_915436
653 _aНемецкий язык практикум по переводу
653 _aგერმანული ენის პრაქტიკული
942 _cBK
_2udc